000 00689 a2200193 4500
999 _c5935
_d5935
020 _a0340576979
050 0 0 _aQA 276.12 CLA 1992
100 1 _aClarke, G. M.
_eauthor
245 1 2 _aA basic course in statistics /
_cG.M. Clarke, D. Cooke.
250 _a3rd ed.
264 _aLondon :
_bEdward Arnold
_c1992
300 _a451 p. :
_bill. ;
500 _aIncludes bibliographical references and index.
504 _aIncludes bibliographical references and index.
650 0 _aMathematical statistics.
700 1 _aCooke, D.
_q(Dennis),
_d1929-
942 _2lcc
_cBK
_h276.12
_iCLA
_kQA